Characters in Moby Dick - Statistics

General Stats
  • This quiz has been taken 82 times
  • The average score is 7 of 15
Answer Stats
Hint Character % Correct
The narrator Ishmael
97%
The monomaniacal captain Ahab
93%
The white whale Moby Dick
81%
First mate Starbuck
72%
Polynesian harpooneer (Starbuck's boat) Queequeg
61%
Second mate Stubb
47%
Third mate Flask
42%
Native American harpooneer (Stubb's boat) Tashtego
38%
West African harpooneer (Flask's boat) Daggoo
36%
African-American cabin boy Pip
36%
Owner of the Pequod, retired whaling captain Peleg
35%
Owner of the Pequod, retired whaling captain Bildad
26%
Parsee harpooneer (Ahab's boat) Fedallah
18%
The very old, half-deaf African-American cook Fleece
7%
Oldest crewmember, who is prophetic The Manxman
7%
No matching quizzes found
Score Distribution
Percent of People with Each Score
Percentile by Number Answered
Your Score History
You have not taken this quiz